| 000 | 00650nam a2200217 i 4500 | ||
|---|---|---|---|
| 001 | 44082 | ||
| 003 | ES-MaACL | ||
| 005 | 20250724074551.0 | ||
| 007 | t| | ||
| 008 | 030320s1860 fr ||||1| fre d | ||
| 100 | 1 |
_aCirodde, P. L. _938901 |
|
| 245 | 1 | 0 |
_aLeçons d'Algébre / _cpar P. L. Cirodde. |
| 250 | _a3ème ed. modifiée / par M. M. Alfred et Ernest Cirodde. | ||
| 260 |
_aParis : _bL. Hachette e Cia., _c1860 ( _fCh. Lahure et Cie) |
||
| 300 |
_a680 p. ; _c22 cm. |
||
| 650 | 7 |
_aÁlgebra _2embne _99720 |
|
| 700 | 1 |
_aAlfred, M. M. _919880 |
|
| 700 | 1 |
_aCirodde, Ernest. _9155765 |
|
| 852 |
_aES-MaACL _jF-5027 |
||
| 999 |
_c44082 _d44082 |
||